Curso de derecho penal salvadoreño (Registro nro. 2886)

Detalles MARC
000 -CABECERA
Longitud fija campo de control 01045cam a22002894a 4500
001 - NÚMERO DE CONTROL
Número de control 13465448
003 - IDENTIFICADOR DELl NÚMERO DE CONTROL
Identificador del número de control OSt
005 - FECHA Y HORA DE LA ÚLTIMA TRANSACCIÓN
Fecha y hora de la última transacción 20140826213003.0
008 - CÓDIGOS DE INFORMACIÓN DE LONGITUD FIJA
Códigos de información de longitud fija 040122m20062008 slv spa
020 ## - NÚMERO INTERNACIONAL NORMALIZADO PARA LIBROS
Número Internacional Normalizado para Libros (ISBN) 99923-807-3-X (vol. 1)
020 ## - NÚMERO INTERNACIONAL NORMALIZADO PARA LIBROS
Número Internacional Normalizado para Libros (ISBN) 99923-807-3-X (vol. 2)
020 ## - NÚMERO INTERNACIONAL NORMALIZADO PARA LIBROS
Número Internacional Normalizado para Libros (ISBN) 978-99923-21-48-5 (vol. 3)
040 ## - FUENTE DE LA CATALOGACIÓN
Centro catalogador de origen DLC
Centro transcriptor BMC
082 ## - NÚMERO DE LA CLASIFICACIÓN DECIMAL DEWEY
Númeroo de clasificación 345.7284
082 ## - NÚMERO DE LA CLASIFICACIÓN DECIMAL DEWEY
Númeroo de clasificación 347.057284
100 1# - PUNTO DE ACCESO PRINCIPAL-NOMBRE DE PERSONA
9 (RLIN) 6649
Nombre de persona Trejo Escobar, Miguel Alberto
245 10 - MENCIÓN DE TÍTULO
Título Curso de derecho penal salvadoreño
Resto del título : parte general
Mención de responsabilidad, etc. Miguel Alberto Trejo Escobar
250 ## - MENCIÓN DE EDICIÓN
Mención de edición 1ª ed
260 ## - PUBLICACIÓN, DISTRIBUCIÓN, ETC. (PIE DE IMPRENTA)
Lugar de publicación, distribución, etc. San Salvador
Nombre del editor, distribuidor, etc. Tecnoimpresos
Fecha de publicación, distribución, etc. 2006-2008
300 ## - DESCRIPCIÓN FÍSICA
Extensión 3 v.
Dimensiones 23 cm
490 ## - MENCIÓN DE SERIE
Mención de serie Colección jurídica / Universidad Tecnológica de El Salvador
504 ## - NOTA DE BIBLIOGRAFÍA, ETC
Nota de bibliografía, etc. Referencias bibliográficas: p. 154-157
505 ## - NOTA DE CONTENIDO CON FORMATO
Nota de contenido con formato Contiene: Vol. 1: Nociones fundamentales - Vol. 2: Teorías de la pena (la función punitiva del estado) - Vol. 2: Teoría de la ley penal
650 24 - PUNTO DE ACCESO ADICIONAL DE MATERIA - TÉRMINO DE MATERIA
Término de materia o nombre geográfico como elemento inicial Derecho penal
Subdivisión geográfica El Salvador
9 (RLIN) 6647
650 24 - PUNTO DE ACCESO ADICIONAL DE MATERIA - TÉRMINO DE MATERIA
Término de materia o nombre geográfico como elemento inicial Procedimiento penal
Subdivisión geográfica El Salvador
9 (RLIN) 6712
942 ## - ENTRADA DE ELEMENTOS AGREGADOS (KOHA)
Fuente de clasificaión o esquema Dewey Decimal Classification
Koha [por defecto] tipo de item 1- Monografias
Existencias
Suprimido Perdido Fuente de clasificación o esquema Estropeado Restricciones de uso No para préstamo Código de colección Localización permanente Localización actual Localización en estanter&íacute;as Fecha adquisición Fuente de adquisición Número de inventario Préstamos totales Signatura completa Código de barras Fecha última consulta Fecha último préstamo Coste, precio reemplazado Fecha del precio de reemplazo Tipo de item de Koha
NULL NULL Dewey Decimal Classification NULL Prestable NULL NULL Biblioteca Miguel de Cervantes - UNICAES Biblioteca Miguel de Cervantes - UNICAES Sala Principal 22/12/2010 Donación - Facultad de Ciencias y Humanidades 003963 2 345.7284 TRE cur (v. 1) 1003963 16/07/2019 12/07/2019 12.00 10/10/2013 1- Monografias
NULL NULL Dewey Decimal Classification NULL Prestable NULL NULL Biblioteca Miguel de Cervantes - UNICAES Biblioteca Miguel de Cervantes - UNICAES Sala Principal 22/12/2010 Donación - Facultad de Ciencias y Humanidades 003964 1 345.7284 TRE cur (v. 1) 1003964 10/06/2019 10/06/2019 12.00 10/10/2013 1- Monografias
NULL NULL Dewey Decimal Classification NULL Prestable NULL NULL Biblioteca Miguel de Cervantes - UNICAES Biblioteca Miguel de Cervantes - UNICAES Sala Principal 22/12/2010 Donación - Facultad de Ciencias y Humanidades 003965 1 345.7284 TRE cur (v. 1) 1003965 05/09/2018 05/09/2018 12.00 10/10/2013 1- Monografias
NULL NULL Dewey Decimal Classification NULL Prestable NULL NULL Biblioteca Miguel de Cervantes - UNICAES Biblioteca Miguel de Cervantes - UNICAES Sala Principal 22/12/2010 Donación - Facultad de Ciencias y Humanidades 003966 1 345.7284 TRE cur (v. 2) 1003966 10/06/2019 10/06/2019 12.00 10/10/2013 1- Monografias
NULL NULL Dewey Decimal Classification NULL Prestable NULL NULL Biblioteca Miguel de Cervantes - UNICAES Biblioteca Miguel de Cervantes - UNICAES Sala Principal 22/12/2010 Donación - Facultad de Ciencias y Humanidades 003967   345.7284 TRE cur (v. 2) 1003967 10/10/2013   12.00 10/10/2013 1- Monografias
NULL NULL Dewey Decimal Classification NULL Prestable NULL NULL Biblioteca Miguel de Cervantes - UNICAES Biblioteca Miguel de Cervantes - UNICAES Sala Principal 22/12/2010 Donación - Facultad de Ciencias y Humanidades 003968 2 345.7284 TRE cur (v. 2) 1003968 16/07/2019 12/07/2019 12.00 10/10/2013 1- Monografias
NULL NULL Dewey Decimal Classification NULL Prestable NULL NULL Biblioteca Miguel de Cervantes - UNICAES Biblioteca Miguel de Cervantes - UNICAES Sala Principal 22/12/2010 Donación - Facultad de Ciencias y Humanidades 003969 3 345.7284 TRE cur (v. 3) 1003969 16/07/2019 12/07/2019 12.00 10/10/2013 1- Monografias
NULL NULL Dewey Decimal Classification NULL Prestable NULL NULL Biblioteca Miguel de Cervantes - UNICAES Biblioteca Miguel de Cervantes - UNICAES Sala Principal 22/12/2010 Donación - Facultad de Ciencias y Humanidades 003970 2 345.7284 TRE cur (v. 3) 1003970 03/07/2019 03/07/2019 12.00 10/10/2013 1- Monografias
NULL NULL Dewey Decimal Classification NULL Prestable NULL NULL Biblioteca Miguel de Cervantes - UNICAES Biblioteca Miguel de Cervantes - UNICAES Sala Principal 22/12/2010 Donación - Facultad de Ciencias y Humanidades 003971   345.7284 TRE cur (v. 3) 1003971 10/10/2013   12.00 10/10/2013 1- Monografias